| 000 | 00368cam a2200121 i 4500 | ||
|---|---|---|---|
| 020 |
_a0470262931 (Halsted) : _c£20.00 |
||
| 050 | 0 |
_aQD561 _b.B953 |
|
| 100 | 1 |
_aBurgess, John, _d1936- |
|
| 245 | 1 | 0 |
_aMetal ions in solution / _cby John Burgess. |
| 260 |
_aChichester : _bEllis Horwood ; _aNew York : _bdistributed by Halsted Press, _c1978. |
||
| 300 | _a481 p. : | ||
| 942 | _cGEN | ||
| 999 |
_c2121 _d2121 |
||